006780000a22002290004500003001100000008004100011020001300052040003900065041000800104082001300112100001900125245015300144260001800297300000900315650002700324650001700351650001600368650001400384650001800398650001600416650001600432LK-CoMWRAF230817t ||||| |||| 00| 0 eng d a13591398 aLK-CoMWRAFdLK-CoMWRAFeLK-CoMWRAF aeng a330bMAR aMarcus, Rachel aViolence against women in Bangladesh, Pakistan, Egypt,Sudan, Senegal and YemenbReport prepared for special programme WID, Netherlands ministry of.. aUKbIDSc1993 ap.17 aviolence against women awomen-BANGLA awomen-egypt awomen-PAK awomen-Senegal awomen-Sudan awomen-Yemen